00814nac a22002171u 4500010001300000020001500013082001700028090001300045100003400058245009200092250001200184260004700196300003400243500002000277650003100297650001900328856007400347942001900421999001300440952014300453 a96029044 a812031684300a004.33bL314 c908d908 aLaplante, Phillip A. 10aReal-time systems design and analysis :ban engineer's handbook /cPhillip A. Laplante. a2nd ed. aNew Delhi :bPrentice Hall of Indiac2002. axxi, 361 p. :bill. ;c26 cm. aIncludes index. 0aReal-time data processing. 0aSystem design.423Table of Contentsuhttp://www.loc.gov/catdir/toc/onix07/96029044.html cBBk004.33L314 c908d908 00102ddc40708 aMAINbMAINcLOWd2009-08-06epurchaseg75.00l6m17o004.33 LAPp000003620r2025-07-15 00:00:00s2020-02-27v93.75yBB